000 00628cam a2200229 a 4500
001 1119627
005 20180119050547.0
008 931215s1992 mdu b 000 0 eng c
010 _a 93244065
020 _a1555720129
040 _aMoSU-L
_cMoSU-L
_dDLC
041 _aeng
042 _alcnccp
080 _a174.2
082 0 0 _a174.2 REV
_220
100 2 _a4
101 _aSHM
245 1 4 _aThe accountability of bioethics committees and consultants /
_cSigrid Fry-Revere.
504 _aIncludes bibliographical references (p. [121]-141).
906 _a7
_bcbc
_cnccpada
_du
_encip
_f19
_gy-gencatlg
942 _2ddc
_cBK
999 _c40561
_d40561